عبدالقاهر الجرجانى و منهجه فى تفسيره المسمى - درج الدرر فى تفسير الآى و السور / (رقم التسجيلة. 84130)
[ عرض عادي ]
| 000 -LEADER | |
|---|---|
| fixed length control field | 03396cam a2200265 a 4500 |
| 003 - CONTROL NUMBER IDENTIFIER | |
| control field | EG-GiCUC |
| 005 - DATE AND TIME OF LATEST TRANSACTION | |
| control field | 20250223032917.0 |
| 008 - FIXED-LENGTH DATA ELEMENTS--GENERAL INFORMATION | |
| fixed length control field | 220207s2021 ua f m 000 0 ara d |
| 040 ## - CATALOGING SOURCE | |
| Original cataloging agency | EG-GiCUC |
| Language of cataloging | ara |
| Transcribing agency | EG-GiCUC |
| 041 0# - LANGUAGE CODE | |
| Language code of text/sound track or separate title | ara |
| 049 ## - LOCAL HOLDINGS (OCLC) | |
| Holding library | اهداء |
| 097 ## - Thesis Degree | |
| Thesis Level | دكتوراه |
| 099 ## - LOCAL FREE-TEXT CALL NUMBER (OCLC) | |
| Classification number | Cai01.34.Ph.D.2021.سن.ع |
| 100 0# - MAIN ENTRY--PERSONAL NAME | |
| Personal name | سنان عبدالله مجمل فتح سليمان |
| 245 10 - TITLE STATEMENT | |
| Title | عبدالقاهر الجرجانى و منهجه فى تفسيره المسمى - درج الدرر فى تفسير الآى و السور / |
| Statement of responsibility, etc. | سنان عبدالله مجمل فتح سليمان ؛ إشراف محمد عبدالرحيم محمد |
| 260 ## - PUBLICATION, DISTRIBUTION, ETC. | |
| Place of publication, distribution, etc. | المنيا : |
| Name of publisher, distributor, etc. | سنان عبدالله مجمل فتح سليمان : |
| Date of publication, distribution, etc. | 2021 |
| 300 ## - PHYSICAL DESCRIPTION | |
| Extent | 496 ورقة ؛ |
| Dimensions | 30سم |
| 502 ## - DISSERTATION NOTE | |
| Dissertation note | اطروحة (دكتوراه) - جامعة المنيا - كلية دار العلوم - قسم الشريعة |
| 520 ## - SUMMARY, ETC. | |
| Summary, etc. | يعد كتاب درج الدرر فى تفسير الآى و السور للإمام عبدالقاهر الجرجانى من كتب التفسير القيمة الذى تم تحقيقه حديثا: فالكتاب ليس من المطولات المملة: و لا من المختصرات المخلة: بقد حوى الكتاب نقولا غزيرة عن عدد من أعلام التفسير: و الحديث: و الفقه: و اللغة: و النحو: و علم الكلام: و غيرها. تناولت الرسالة بعنوان: عبدالقاهر الجرجانى و منهجه فى تفسيره المسمى - درج الدرر فى تفسير الآى و السور: و تتكون الرسالة من مقدمة و تمهيد: و ستة فصول تتلوها خاتمة و فهارس: فأما المقدمة فقد تحدثت فيها عن مشكلة البحث و أهميته و أهدافه: و أسباب إختياره: و الدراسات السابقة: أما التمهيد فتناولت فيه معنى التفسير و المنهج لغة و اصطلاحا: و أمل الفصل الأول فقد تحدثت فيه عن الإمام عبدالقاهر الجرجانى و متفسيره: فى مبحثين: و تناولت فى الفصل الثانى مصادر الإمام عبدالقاهر الجرجانى: و ذلك فى أربعة مباحث: و ركزت فى الفصل الثاث على منهج الإمام عبدالقاهر الجرجانى فى تفسيره: و ذلك فى ثلاث مباحث: و جاء الفصل الرابع حول الرأى فى تفسير الإمام عبدالقاهر الجرجانى فى أربعة مباحث: ثم استعرضت فى الفصل الخامس أراء الإمام عبدالقاهر الجرجانى فى قضايا تتعلق بعلوم القرآن: و ذلك فى ثلاثة مباحث أيضا: ثم يأتى الفصل السادش حيث تحدثت فيه عن المنهج النقدى فى تفسير الإمام عبدالقاهر الجرجانى و ذلك فى ثلاث مباحث: أيضا. و من ثم ختمت البحث بأهم النتائج و التوصيات التى توصلت إليها: تليها الفهارس الفنية العامة للبحث |
| 700 0# - ADDED ENTRY--PERSONAL NAME | |
| Personal name | محمد عبدالرحيم محمد : |
| Relator term | |
| 856 ## - ELECTRONIC LOCATION AND ACCESS | |
| Uniform Resource Identifier | <a href="http://172.23.153.220/th.pdf">http://172.23.153.220/th.pdf</a> |
| 905 ## - LOCAL DATA ELEMENT E, LDE (RLIN) | |
| Cataloger | Enas |
| Reviser | Revisor |
| 905 ## - LOCAL DATA ELEMENT E, LDE (RLIN) | |
| Cataloger | Samia |
| Reviser | Cataloger |
| 942 ## - ADDED ENTRY ELEMENTS (KOHA) | |
| Source of classification or shelving scheme | Dewey Decimal Classification |
| Koha item type | Thesis |
| Source of classification or shelving scheme | Not for loan | Home library | Current library | Date acquired | Full call number | Barcode | Date last seen | Koha item type |
|---|---|---|---|---|---|---|---|---|
| Dewey Decimal Classification | المكتبة المركزبة الجديدة - جامعة القاهرة | قاعة الرسائل الجامعية - الدور الاول | 11.02.2024 | Cai01.34.Ph.D.2021.سن.ع | 01010100029218000 | 22.09.2023 | Thesis |